Characters In The Book Scythe - Statistics

General Stats
  • This quiz has been taken 21 times
  • The average score is 9 of 11
Answer Stats
Hint Answer % Correct
Scythe who took the female apprentice once the Scythe who had takenthe 2 apprentices had faked his own death Curie
100%
Scythe who pretends to be dead but backfires on one of his apprentices Faraday
100%
Female apprentice of a Scythe. One of the main characters Citra
95%
Male apprentice of a Scythe. One of the main characters Rowan
95%
Scythe who took the male apprentice once the Scythe who had taken the 2 apprentices had faked his own death. Also a evil scythe. Goddard
90%
Scythe who is also the High Blade of MidMerica Xenocrates
86%
A young Scythe who was trained by the same scythe who taken the maleapprentice in. He selfed gleaned himself later at a big gleaning Volta
81%
The female apprentinces's little brother who was rendered "deadished" by thefemale apprentice's when she was being tested at Conclave to be a scythe Ben
67%
The male apprentice's friend who was later surrendered to the Thunderhead Tyger
62%
Forbidden daughter of the High Blade and was used as a tool of blackmailby the Scythe who took the male apprentice in. Esme
57%
Amazonian Scythe who wouldn't allow the Chilargintine Scythe to capture thefemale apprentice Possuelo
48%
No matching quizzes found
Score Distribution
Percent of People with Each Score
Percentile by Number Answered
Your Score History
You have not taken this quiz